书目信息 |
| 题名: |
目标:强化德语教程 综合课
|
|
| 作者: | 肖佩玲 编 | |
| 分册: | 第三册 | |
| 出版信息: | 北京 外语教学与研究出版社 1992.01 |
|
| 页数: | 216页 | |
| 开本: | 16开 | |
| 丛书名: | ||
| 单 册: | ||
| 中图分类: | H33 | |
| 科图分类: | ||
| 主题词: | 德语 | |
| 电子资源: | ||
| ISBN: | 7-5600-0654-X | |
| 000 | 00557nam0 2200181 45 | |
| 001 | 0009121531 | |
| 005 | 20091104115212.23 | |
| 010 | @a7-5600-0654-X@dCNY16.90 | |
| 100 | @a20000912d1992 km y0chiy0120 ea | |
| 101 | 0 | @achi |
| 200 | 1 | @a目标:强化德语教程 综合课@Amu biao:qiang hua de yu jiao cheng zong he ke@h第三册@f肖佩玲等编@Fxiao pei ling deng bian |
| 210 | @a北京@c外语教学与研究出版社@d1992.01 | |
| 215 | @a216页@d16开 | |
| 606 | 0 | @a德语 |
| 690 | @aH33@v3 | |
| 701 | 0 | @a肖佩玲@4编 |
| 801 | @aCN@bPftUser@c20091104 | |
| 905 | @dH33@eX457:3@b137888-892@f5 | |
| 目标:强化德语教程 综合课.第三册/肖佩玲等编.-北京:外语教学与研究出版社,1992.01 |
| 216页;16开 |
| ISBN 7-5600-0654-X:CNY16.90 |
| ● |
| 相关链接 |
|
|
|
正题名:目标:强化德语教程 综合课
索取号:H33/X457:3
 
预约/预借
| 序号 | 登录号 | 条形码 | 馆藏地/架位号 | 状态 | 备注 |
| 1 | 137888 | 201378883 | 语言库209/209语言库 118排2列1层/ [索取号:H33/X457:3] | 在馆 | |
| 2 | 137889 | 201378892 | 语言库209/209语言库 118排2列1层/ [索取号:H33/X457:3] | 在馆 | |
| 3 | 137890 | 201378909 | 语言库209/209语言库 118排2列1层/ [索取号:H33/X457:3] | 在馆 | |
| 4 | 137891 | 201378918 | 语言库209/209语言库 118排2列1层/ [索取号:H33/X457:3] | 在馆 | |
| 5 | 137892 | 201378927 | 语言库209/209语言库 118排2列1层/ [索取号:H33/X457:3] | 在馆 | |
| 6 | 893122 | 208931227 | 语言库209/209语言库 118排2列1层/ [索取号:H33/X457:3] | 在馆 | |
| 7 | 893123 | 208931236 | 语言库209/209语言库 118排2列1层/ [索取号:H33/X457:3] | 在馆 | |
| 8 | 893124 | 208931245 | 语言库209/209语言库 118排2列1层/ [索取号:H33/X457:3] | 在馆 |